[Event "Al-Ain Classic Open A 2013"]
[Site "Al-Ain UAE"]
[Date "2013.12.26"]
[Round "7.8"]
[White "Golizadeh, Asghar"]
[Black "Ipatov, Alexander"]
[Result "1/2-1/2"]
[WhiteTitle "GM"]
[BlackTitle "GM"]
[WhiteElo "2500"]
[BlackElo "2635"]
[WhiteFideId "12505269"]
[BlackFideId "14116731"]
[EventDate "2013.12.19"]

1. e4 c5 2. Nf3 Nf6 3. Nc3 d5 4. e5 Nfd7 5. d4 e6 6. Bg5 Qb6 7. Qd2 cxd4 8. Nxd4
Nc6 9. O-O-O Qxd4 10. Qxd4 Nxd4 11. Rxd4 Bc5 12. Rd2 a6 13. Bf4 b5 14. Bg3 Bb4
15. Rd4 Bxc3 16. bxc3 Nc5 17. Bd3 Bb7 18. Kd2 Rc8 19. Rb1 O-O 20. f3 Rc7 21. Rh4
h6 22. Bf2 Rfc8 23. Bd4 Na4 24. Rb3 Bc6 25. g4 Be8 26. Rh3 Nc5 27. Rb1 Kf8 28.
Rg3 Na4 29. Rb3 Nc5 30. Rb1 Na4 31. Rb3 1/2-1/2

[Event "Al-Ain Classic Open A 2013"]
[Site "Al-Ain UAE"]
[Date "2013.12.26"]
[Round "7.9"]
[White "Iordachescu, Viorel"]
[Black "Mirzoev, Azer"]
[Result "1/2-1/2"]
[WhiteTitle "GM"]
[BlackTitle "GM"]
[WhiteElo "2614"]
[BlackElo "2518"]
[WhiteFideId "13900200"]
[BlackFideId "13400304"]
[EventDate "2013.12.19"]

1. c4 e6 2. d4 d5 3. Nf3 Nf6 4. g3 Bb4+ 5. Nc3 O-O 6. Qb3 c5 7. Bg2 Nc6 8. cxd5
exd5 9. a3 Bxc3+ 10. bxc3 Ne4 11. O-O Re8 12. dxc5 Nxc5 13. Qc2 Qf6 14. Nd4 Ne4
15. Be3 Ne5 16. Nb5 Qe7 17. Rad1 Bf5 18. Qc1 a6 19. Nd4 Bg6 20. f3 Nd6 21. Bg5
f6 22. Bf4 Kh8 23. a4 Rac8 24. Bh3 Rc4 25. Qa3 Qc7 26. Rc1 Qc5 27. Qxc5 Rxc5 28.
Rfd1 Bf7 29. Nb3 Rc4 30. Rd4 g5 31. Bxe5 fxe5 32. Rxc4 Nxc4 33. Nc5 Re7 34. Rb1
Na5 35. Bd7 d4 36. cxd4 exd4 37. Bc8 Rxe2 38. Bxb7 Nxb7 39. Rxb7 Bd5 40. Rd7
Bxf3 41. Nxa6 Rg2+ 42. Kf1 Rxh2 43. Nc5 Ra2 44. Ne6 1/2-1/2

[Event "Al-Ain Classic Open A 2013"]
[Site "Al-Ain UAE"]
[Date "2013.12.26"]
[Round "7.10"]
[White "Rzayev, Bahruz"]
[Black "Gupta, Abhijeet"]
[Result "0-1"]
[WhiteTitle "IM"]
[BlackTitle "GM"]
[WhiteElo "2465"]
[BlackElo "2608"]
[WhiteFideId "13403036"]
[BlackFideId "5010608"]
[EventDate "2013.12.19"]

1. c4 Nf6 2. g3 c6 3. Bg2 d5 4. cxd5 cxd5 5. d4 Nc6 6. Nf3 Bf5 7. Qb3 Na5 8.
Qb5+ Bd7 9. Qd3 e6 10. O-O Be7 11. Ne5 O-O 12. Nc3 Rc8 13. b3 Nc6 14. Bb2 Qa5
15. Nxd7 Nxd7 16. a3 a6 17. b4 Qd8 18. Na4 Nb6 19. Nc5 Nc4 20. Bc3 Nd6 21. f3
Nb8 22. e4 b6 23. Na4 Nc4 24. e5 a5 25. f4 g6 26. Be1 Qd7 27. Qb3 Nc6 28. Bc3 b5
29. Nc5 Bxc5 30. dxc5 d4 31. Rfd1 Ne3 32. Be4 Nxd1 33. Rxd1 Rfd8 34. Be1 axb4
35. axb4 Qa7 36. g4 d3 37. Bxc6 Rxc6 38. Rxd3 Rxd3 39. Qxd3 Rc8 40. Qxb5 Qa1 41.
Qe2 Qd4+ 42. Qf2 Qd1 43. h3 Qb3 44. Qg3 Qc4 45. Qc3 Qxf4 46. b5 Qe4 47. c6 Qd5
48. Qa5 Qxe5 49. Bf2 h5 50. Qb6 Ra8 51. Kg2 hxg4 52. hxg4 Qe4+ 53. Kh2 Qf4+ 54.
Kg2 Qxg4+ 55. Kh2 Qf4+ 56. Kg2 Qe4+ 57. Kh2 e5 58. Qe3 Qc4 59. Qxe5 Ra2 60. Kg2
Re2 61. Qd6 Rc2 62. Qb8+ Kh7 63. Qh2+ Kg7 64. Qe5+ f6 65. Qc7+ Kh6 66. Qh2+ Kg5
67. Qg3+ Kf5 68. Qf3+ Ke6 69. b6 Rc3 70. b7 Rxf3 71. b8=Q Qxc6 72. Kg1 Rc3 0-1

[Event "Al-Ain Classic Open A 2013"]
[Site "Al-Ain UAE"]
[Date "2013.12.26"]
[Round "7.11"]
[White "Gagare, Shardul"]
[Black "Ghaem Maghami, Ehsan"]
[Result "1/2-1/2"]
[WhiteTitle "IM"]
[BlackTitle "GM"]
[WhiteElo "2442"]
[BlackElo "2560"]
[WhiteFideId "5037883"]
[BlackFideId "12500739"]
[EventDate "2013.12.19"]

1. c4 g6 2. g3 Bg7 3. Bg2 e5 4. Nc3 Nc6 5. Nf3 d6 6. d3 h6 7. Rb1 f5 8. O-O Be6
9. Qc2 Nf6 10. b4 a6 11. a4 O-O 12. b5 axb5 13. axb5 Ne7 14. Bb2 Qd7 15. Ra1
Rab8 16. Ra7 g5 17. Nd2 c5 18. Rfa1 h5 19. Nb3 Nc8 20. Ra8 Nb6 21. Rxb8 Rxb8 22.
Na4 Nxa4 23. Rxa4 f4 24. Bc1 Bh3 25. Bf3 Bg4 26. Bh1 h4 1/2-1/2

[Event "Al-Ain Classic Open A 2013"]
[Site "Al-Ain UAE"]
[Date "2013.12.26"]
[Round "7.12"]
[White "Shyam, Sundar M."]
[Black "Andreev, Eduard UKR"]
[Result "0-1"]
[WhiteTitle "GM"]
[BlackTitle "GM"]
[WhiteElo "2534"]
[BlackElo "2508"]
[WhiteFideId "5019141"]
[BlackFideId "14103400"]
[EventDate "2013.12.19"]

1. d4 Nf6 2. c4 e6 3. Nf3 Bb4+ 4. Bd2 Qe7 5. g3 Bxd2+ 6. Qxd2 Nc6 7. Nc3 d5 8.
Ne5 dxc4 9. Nxc6 bxc6 10. Bg2 O-O 11. Bxc6 Rb8 12. O-O-O Rb6 13. Bf3 Bd7 14. Qe3
Rfb8 15. Rd2 Qb4 16. d5 exd5 17. Bxd5 Bf5 18. Qd4 c5 19. Qe5 Bg6 20. Nd1 Re8 21.
Qf4 Nxd5 22. Rxd5 Qa4 23. Qd2 Qxa2 24. Qc3 Qb1+ 25. Kd2 Qe4 26. Qf3 Qc2+ 27. Ke1
Rbe6 28. Rd2 Qb1 29. Qf4 Bd3 30. e3 Qa1 31. Qc7 Re5 32. h4 h5 33. Rg1 Bf5 34.
Rd8 Bg4 35. Kd2 c3+ 36. Kxc3 Qc1+ 37. Kb3 Be6+ 38. Ka4 Qc4+ 39. Ka5 Qa2+ 40. Kb5
Bc4+ 41. Kc6 Qa6+ 0-1

[Event "Al-Ain Classic Open A 2013"]
[Site "Al-Ain UAE"]
[Date "2013.12.26"]
[Round "7.13"]
[White "Sharbaf, Mohsen"]
[Black "Barsov, Alexei"]
[Result "1/2-1/2"]
[WhiteTitle "IM"]
[BlackTitle "GM"]
[WhiteElo "2424"]
[BlackElo "2527"]
[WhiteFideId "12501808"]
[BlackFideId "14200082"]
[EventDate "2013.12.19"]

1. d4 d5 2. Nf3 Nf6 3. Nc3 Bf5 4. Bf4 e6 5. e3 Bd6 6. Ne5 Nbd7 7. Nxd7 Qxd7 8.
Bxd6 Qxd6 9. Bd3 Bxd3 10. Qxd3 c6 11. e4 Nd7 12. O-O O-O 1/2-1/2

[Event "Al-Ain Classic Open A 2013"]
[Site "Al-Ain UAE"]
[Date "2013.12.26"]
[Round "7.15"]
[White "Mammadov, Zaur"]
[Black "Hovhannisyan, Robert"]
[Result "0-1"]
[WhiteTitle "IM"]
[BlackTitle "GM"]
[WhiteElo "2423"]
[BlackElo "2597"]
[WhiteFideId "13401033"]
[BlackFideId "13302507"]
[EventDate "2013.12.19"]

1. e4 c6 2. c4 d5 3. exd5 cxd5 4. cxd5 Nf6 5. Bb5+ Nbd7 6. Nc3 a6 7. Qa4 Rb8 8.
Bxd7+ Qxd7 9. Qxd7+ Bxd7 10. Nge2 Bf5 11. d4 Rd8 12. Nf4 g5 13. Nfe2 Nxd5 14.
Bxg5 Rg8 15. Nxd5 Rxd5 16. Be3 Rb5 17. Ng3 Bd7 18. O-O-O Rg6 19. Rd2 h5 20. f3
h4 21. Ne4 h3 22. gxh3 Bxh3 23. Re1 Be6 24. Rc2 Bg7 25. Rc5 Rxc5+ 26. Nxc5 Bxa2
27. Nxb7 Bd5 28. Nc5 Bxf3 29. Rf1 Bd5 30. Rf5 e6 31. Rf2 a5 32. Kd2 Rg4 33. Kd3
f5 34. b3 Rh4 35. Bf4 Rh3+ 36. Bg3 Bf6 37. Ke3 Ke7 38. Rf1 Bg5+ 39. Ke2 Bc6 40.
Kd1 Be3 41. Be5 Bg2 42. Re1 Bf2 43. Bg3 Bxe1 44. Kxe1 Bd5 45. Kd2 Kf6 46. Kc2
Kg5 47. Nd3 Be4 0-1

[Event "Al-Ain Classic Open A 2013"]
[Site "Al-Ain UAE"]
[Date "2013.12.26"]
[Round "7.17"]
[White "Baryshpolets, Andrey"]
[Black "Tunik, Gennady"]
[Result "1-0"]
[WhiteTitle "GM"]
[BlackTitle "GM"]
[WhiteElo "2557"]
[BlackElo "2416"]
[WhiteFideId "14117207"]
[BlackFideId "4101219"]
[EventDate "2013.12.19"]

1. d4 Nf6 2. c4 e6 3. Nf3 c5 4. d5 exd5 5. cxd5 d6 6. Nc3 g6 7. Bf4 Bg7 8. Qa4+
Bd7 9. Qb3 Qc7 10. h3 O-O 11. e3 Re8 12. Nd2 Nh5 13. Bh2 Be5 14. Bxe5 Rxe5 15.
Be2 Nf6 16. O-O Na6 17. e4 Rb8 18. f4 Ree8 19. a4 Nb4 20. Kh1 b6 21. Rae1 a6 22.
e5 dxe5 23. Nde4 Nxe4 24. Nxe4 Bf5 25. d6 Qd8 26. Bc4 Bxe4 27. Bxf7+ Kg7 28.
Rxe4 Qxd6 29. Bxe8 Rxe8 30. fxe5 Qe6 31. Qxe6 Rxe6 32. Rd1 b5 33. axb5 axb5 34.
Rd7+ Kg8 35. Kh2 Nc6 36. Rd5 Kf7 37. Rxc5 b4 38. Rec4 Nxe5 39. Rxb4 Nd3 40. Rb7+
Kf6 41. Rc3 1-0

[Event "Al-Ain Classic Open A 2013"]
[Site "Al-Ain UAE"]
[Date "2013.12.26"]
[Round "7.18"]
[White "Hesham, Abdelrahman"]
[Black "Geller, Jakov"]
[Result "1/2-1/2"]
[WhiteTitle "IM"]
[BlackTitle "GM"]
[WhiteElo "2374"]
[BlackElo "2542"]
[WhiteFideId "10600183"]
[BlackFideId "4151984"]
[EventDate "2013.12.19"]

1. d4 d5 2. c4 e6 3. Nc3 c6 4. Nf3 dxc4 5. e3 b5 6. a4 Bb4 7. Bd2 a5 8. axb5
Bxc3 9. Bxc3 cxb5 10. b3 Bb7 11. bxc4 b4 12. Bb2 Nf6 13. Bd3 O-O 14. O-O Nbd7
15. Nd2 Qc7 16. e4 e5 17. f4 exd4 18. e5 Qc6 19. Nf3 Ne4 20. Nxd4 Qb6 21. Kh1
Ndc5 22. f5 Ng3+ 23. hxg3 Qh6+ 24. Kg1 Qe3+ 25. Kh2 Nxd3 26. f6 Nxb2 27. Qg4
Qh6+ 28. Kg1 Qg6 29. Qe2 Rfe8 30. Qxb2 Qxg3 31. e6 Qe3+ 32. Rf2 Rxe6 33. Nxe6
Qxe6 34. Qd2 gxf6 35. Raf1 Qxc4 36. Rxf6 Qc5+ 37. Kh2 Qh5+ 38. Kg1 Qc5+ 39. R1f2
Be4 40. Rxf7 Rc8 41. Qe2 Bg6 42. Rd7 Re8 43. Qa2+ Kh8 44. Qa1+ Qc3 45. Qxa5 Qc1+
46. Kh2 Qh6+ 47. Kg3 Qe3+ 48. Rf3 Qe1+ 49. Kh2 Qh4+ 50. Rh3 Qf4+ 51. Rg3 Qh4+
52. Rh3 Qf4+ 53. Rg3 1/2-1/2

[Event "Al-Ain Classic Open A 2013"]
[Site "Al-Ain UAE"]
[Date "2013.12.26"]
[Round "7.19"]
[White "Kanter, Eduard"]
[Black "Batchuluun, Tsegmed"]
[Result "1/2-1/2"]
[WhiteTitle "IM"]
[BlackTitle "GM"]
[WhiteElo "2406"]
[BlackElo "2528"]
[WhiteFideId "4103963"]
[BlackFideId "4900847"]
[EventDate "2013.12.19"]

1. d4 Nf6 2. c4 e6 3. Nf3 d5 4. g3 dxc4 5. Bg2 Nc6 6. O-O Rb8 7. Nc3 a6 8. e4
Be7 9. Qe2 Nxd4 10. Nxd4 Qxd4 11. Rd1 Qc5 12. Be3 Qa5 13. Qxc4 O-O 14. Bf4 e5
15. Nd5 Nxd5 16. Rxd5 b5 17. Bxe5 Be6 18. Qc1 Rbc8 19. Bxg7 Kxg7 20. Rh5 Rh8 21.
Qh6+ Kg8 22. Rd1 Qb6 23. Rg5+ Bxg5 24. Qxg5+ Kf8 25. Rd8+ Rxd8 26. Qxd8+ Kg7 27.
Qg5+ Kf8 28. Qd8+ Kg7 29. Qg5+ Kf8 30. Qd8+ Kg7 1/2-1/2

[Event "Al-Ain Classic Open A 2013"]
[Site "Al-Ain UAE"]
[Date "2013.12.26"]
[Round "7.21"]
[White "Petrosyan, Tigran S."]
[Black "Drazic, Sinisa"]
[Result "0-1"]
[WhiteTitle "FM"]
[BlackTitle "GM"]
[WhiteElo "2383"]
[BlackElo "2441"]
[WhiteFideId "13303678"]
[BlackFideId "901172"]
[EventDate "2013.12.19"]

1. Nf3 Nf6 2. c4 e6 3. Nc3 d5 4. d4 c5 5. e3 a6 6. dxc5 Bxc5 7. a3 O-O 8. b4 Ba7
9. Bb2 Nc6 10. c5 e5 11. Be2 Re8 12. O-O d4 13. exd4 exd4 14. Na4 Bg4 15. h3 Bh5
16. g4 Bg6 17. Nh4 Be4 18. Ng2 Qc7 19. Bc1 Nd5 20. Bd3 Rad8 21. Bxe4 Rxe4 22.
Qd3 Bb8 23. f4 f5 24. gxf5 Rde8 25. Bd2 Qf7 26. Rae1 Rxe1 27. Rxe1 Rxe1+ 28.
Bxe1 Bxf4 29. Bf2 Be5 30. Nb2 Nde7 31. Nh4 Bf6 32. Nf3 Qd5 33. Qc4 Qxc4 34. Nxc4
Nxf5 35. Be1 Kf7 36. Kf1 Ke6 37. Ke2 g5 38. a4 h5 39. b5 axb5 40. axb5 Nd8 41.
Kd3 g4 42. hxg4 hxg4 43. Ng1 Be7 44. Bb4 Nf7 45. Ke4 Ng5+ 46. Kd3 Nh3 47. Ne2
Nf2+ 48. Kd2 Bxc5 49. Nf4+ Kf6 50. Ke2 Bxb4 51. Kxf2 Bd6 52. Nd5+ Ke6 53. Nxd6
g3+ 0-1

[Event "Al-Ain Classic Open A 2013"]
[Site "Al-Ain UAE"]
[Date "2013.12.26"]
[Round "7.22"]
[White "Arab, Adlane"]
[Black "Karavade, Eesha"]
[Result "1/2-1/2"]
[WhiteTitle "IM"]
[BlackTitle "IM"]
[WhiteElo "2433"]
[BlackElo "2380"]
[WhiteFideId "7900872"]
[BlackFideId "5012600"]
[EventDate "2013.12.19"]

1. d4 Nf6 2. c4 e6 3. Nc3 Bb4 4. e3 O-O 5. Nf3 d5 6. Bd3 c5 7. O-O cxd4 8. exd4
dxc4 9. Bxc4 b6 10. Bg5 Bb7 11. Re1 Nc6 12. a3 Be7 13. Qd3 h6 14. Bh4 Nh5 15.
Bg3 Nxg3 16. hxg3 Bf6 17. Rad1 Ne7 18. Bb3 Rc8 19. Ne5 Bxe5 20. Rxe5 Rc7 21. Rh5
Rd7 22. g4 Ng6 23. Bc2 Bxg2 24. g5 Qa8 25. gxh6 Bf3 26. Rg5 gxh6 27. Rg3 Bxd1
28. Qxd1 Qd8 29. Ne4 Kg7 30. Qf3 f5 31. Qh5 Qe8 32. Ba4 fxe4 33. Bxd7 Qf7 34.
Rg2 Kh7 35. Rh2 Qg7 36. Rg2 Rf5 37. Qxf5 exf5 38. Bxf5 Qxd4 39. Bxg6+ Kh8 40.
Rg3 Qxb2 41. Bxe4 Qd4 42. Bc6 Qc4 43. Bg2 b5 44. Bf1 Qc5 45. Bh3 a5 46. Bd7 h5
47. Rb3 b4 48. axb4 axb4 49. Rg3 Qd5 50. Ba4 Qd4 51. Bb3 h4 52. Re3 Kg7 53. Kg2
Qg4+ 54. Kh2 Kf6 55. Ba4 Kg5 56. Bb3 Qd4 57. Kg2 Qc5 58. Kh2 Kf4 59. Kg2 Qc1 60.
Bd5 Qb1 61. Bb3 Qa1 62. Be6 Qd4 63. Bb3 Qd2 64. Be6 Qc2 65. Bb3 Qb1 66. Be6 h3+
67. Bxh3 b3 68. Rf3+ Ke5 69. Bf5 Qxf5 70. Rxb3 Qg4+ 71. Rg3 Qd1 72. Re3+ Kf4 73.
Rg3 Qd5+ 74. Kg1 Qd1+ 75. Kg2 1/2-1/2

[Event "Al-Ain Classic Open A 2013"]
[Site "Al-Ain UAE"]
[Date "2013.12.26"]
[Round "7.23"]
[White "Lazarev, Vladimir"]
[Black "Khatanbaatar, Bazar"]
[Result "0-1"]
[WhiteTitle "GM"]
[BlackTitle "GM"]
[WhiteElo "2427"]
[BlackElo "2329"]
[WhiteFideId "4113250"]
[BlackFideId "4900332"]
[EventDate "2013.12.19"]

1. d4 d5 2. c4 c6 3. Nf3 Nf6 4. e3 Bf5 5. Nc3 e6 6. Nh4 Bg6 7. Nxg6 hxg6 8. g3
Nbd7 9. Qe2 Bd6 10. Bg2 O-O 11. O-O dxc4 12. Qxc4 e5 13. Rd1 Qe7 14. dxe5 Nxe5
15. Qe2 Rad8 16. f4 Ned7 17. e4 Bc5+ 18. Kh1 Nb6 19. Bd2 Qe6 20. e5 Nfd5 21. Ne4
Be7 22. Rac1 Rfe8 23. Qf3 Nc7 24. b3 Nb5 25. Be3 Ba3 26. Rb1 Qe7 27. h4 Nd5 28.
Bd2 f6 29. exf6 Nxf6 30. Nxf6+ Qxf6 31. Be3 Rxd1+ 32. Rxd1 Nc3 33. Rd7 Qe6 34.
Rd3 Nd5 35. Bf2 Bb4 36. a4 a5 37. Kg1 Qe7 38. Qg4 Bc5 39. Bxc5 Qxc5+ 40. Kh2 Qc2
41. Qf3 Re2 42. Rxd5 cxd5 43. Qxd5+ Kh7 44. h5 Qf5 45. hxg6+ Kxg6 46. Qxb7 Qh5+
47. Kg1 Re1+ 48. Bf1 Qc5+ 49. Kg2 Qc2+ 50. Kh3 Qf5+ 51. Kg2 Qc2+ 52. Kh3 Qf5+
53. Kg2 Kh7 54. Qf3 g6 55. Qb7+ Kh6 56. Qf3 Qc2+ 57. Kh3 Qc8+ 58. Kg2 Rb1 59.
Qd5 Qc2+ 60. Kg1 Qe2 61. Qh1+ Qh5 62. Qa8 Qc5+ 63. Kh2 Rb2+ 64. Bg2 Qh5+ 65. Kg1
Rb1+ 66. Bf1 Qc5+ 67. Kh2 Rb2+ 68. Bg2 Qd4 69. Qf8+ Kh7 70. Qe7+ Qg7 71. Qa3 Re2
72. Qc1 Qb7 73. Qf1 Qe4 74. Kh3 Qe6+ 75. Kh2 Rb2 76. Qc1 Qe2 77. Qc7+ Kh6 78.
Qb7 Qh5+ 79. Kg1 Rb1+ 80. Bf1 Qc5+ 81. Kg2 Qc2+ 82. Kg1 Rxb3 83. Qh1+ Kg7 84.
Qh4 Qc5+ 85. Kh2 Rb8 86. Kg2 Rh8 87. Qg4 Qd5+ 88. Kg1 Rh1+ 89. Kf2 Qd4+ 90. Ke2
Qc4+ 91. Kd2 Qxf1 0-1

[Event "Al-Ain Classic Open A 2013"]
[Site "Al-Ain UAE"]
[Date "2013.12.26"]
[Round "7.24"]
[White "Abdulov, Orkhan"]
[Black "Anurag, Mhamal"]
[Result "0-1"]
[WhiteTitle "IM"]
[BlackTitle "IM"]
[WhiteElo "2356"]
[BlackElo "2416"]
[WhiteFideId "13402714"]
[BlackFideId "5024366"]
[EventDate "2013.12.19"]

1. e4 c5 2. Nf3 e6 3. d4 cxd4 4. Nxd4 a6 5. Bd3 Ne7 6. O-O g6 7. c3 Bg7 8. f4
O-O 9. Nd2 d6 10. N2f3 Nd7 11. f5 e5 12. Ne2 gxf5 13. exf5 Nc5 14. Bc2 Bxf5 15.
Bxf5 Nxf5 16. Ng5 Ne7 17. Qc2 Ng6 18. h4 Ne6 19. h5 Nxg5 20. hxg6 hxg6 21. Qb3
b5 22. Qd5 Qb6+ 23. Kh1 Ne6 24. Rf3 Qc5 25. Qd3 f5 26. Be3 Qc6 27. Qc2 d5 28.
Rg3 f4 29. Rxg6 fxe3 30. Ng3 Rf2 31. Qd3 Nf4 0-1

[Event "Al-Ain Classic Open A 2013"]
[Site "Al-Ain UAE"]
[Date "2013.12.26"]
[Round "7.25"]
[White "Baghdasaryan, Vahe"]
[Black "Dauletova, Gulmira"]
[Result "1-0"]
[WhiteTitle "IM"]
[BlackTitle "WIM"]
[WhiteElo "2395"]
[BlackElo "2214"]
[WhiteFideId "13303139"]
[BlackFideId "13702971"]
[EventDate "2013.12.19"]

1. e4 e5 2. Bc4 d6 3. Nc3 Nf6 4. d3 Be7 5. f4 O-O 6. f5 c6 7. Qf3 b5 8. Bb3 b4
9. Nce2 a5 10. a4 bxa3 11. bxa3 a4 12. Ba2 d5 13. g4 dxe4 14. dxe4 Ne8 15. Be3
Nd7 16. Nh3 Ba6 17. g5 Bc5 18. g6 Qh4+ 19. Bf2 Bxf2+ 20. Nxf2 Kh8 21. gxf7 Nef6
22. Nc3 Nb6 23. Rg1 Bc4 24. Rb1 Bxa2 25. Rxb6 Bxf7 26. Qg3 Qh6 27. Qg5 Qxg5 28.
Rxg5 Rfd8 29. Nd3 Rd4 30. Nxe5 Be8 31. Rg3 Rad8 32. Re3 c5 33. Nf3 Ng4 34. Nxd4
Nxe3 35. Ne6 Nxc2+ 36. Kf2 Rd2+ 37. Kg3 Rd3+ 38. Kf4 Rxc3 39. Rb8 Kg8 40. Rxe8+
Kf7 41. Ra8 Ne1 42. Ra7+ Kg8 43. Rxg7+ Kh8 44. Kg5 Nf3+ 45. Kf6 Rb3 46. Ra7 Rb8
47. Rxa4 Nxh2 48. Nxc5 Ng4+ 49. Ke6 h5 50. Nd7 Rb7 51. Ra8+ 1-0

[Event "Al-Ain Classic Open A 2013"]
[Site "Al-Ain UAE"]
[Date "2013.12.26"]
[Round "7.26"]
[White "Andrenko, Irina"]
[Black "Hassan, Sayed Barakat"]
[Result "1-0"]
[WhiteTitle "WIM"]
[BlackTitle "IM"]
[WhiteElo "2211"]
[BlackElo "2341"]
[WhiteFideId "14118270"]
[BlackFideId "10600299"]
[EventDate "2013.12.19"]

1. e4 e6 2. d4 b6 3. Bd3 Bb7 4. Nf3 c5 5. c3 Nf6 6. Nbd2 cxd4 7. cxd4 d5 8. e5
Nfd7 9. O-O Ba6 10. Nb1 Be7 11. Nc3 O-O 12. Nb5 Nc6 13. a4 Nb4 14. Be2 f6 15.
exf6 Nxf6 16. Bf4 Ne4 17. Bc7 Qe8 18. Ne5 Nc6 19. Rc1 Nxe5 20. Bxe5 Bxb5 21.
Bxb5 Qg6 22. Bd3 Qh6 23. Bxe4 dxe4 24. Qe2 e3 25. f4 Rac8 26. Qxe3 Qg6 27. Rc3
Bf6 28. Bd6 Rxc3 29. bxc3 Re8 30. Qe2 Qf5 31. Qb5 Rc8 32. Qd7 Ra8 33. Qc6 Qd5
34. Qxd5 exd5 35. Be5 Rc8 36. a5 b5 37. a6 Rxc3 38. Rb1 Rc6 39. Rxb5 Rxa6 40.
Rxd5 Kf7 41. Rb5 Ke6 42. g4 Bxe5 43. f5+ Kd7 44. dxe5 Kc6 45. Rb1 Ra4 46. h3 Re4
47. f6 gxf6 48. exf6 Re8 49. Ra1 Ra8 50. f7 Kb6 51. Rf1 Rf8 52. g5 a5 53. h4 a4
54. h5 a3 55. g6 hxg6 56. hxg6 a2 57. Ra1 1-0

[Event "Al-Ain Classic Open A 2013"]
[Site "Al-Ain UAE"]
[Date "2013.12.26"]
[Round "7.28"]
[White "Salih, Akar Ali Salih"]
[Black "Khalafova, Narmin"]
[Result "1-0"]
[WhiteTitle "FM"]
[BlackTitle "WFM"]
[WhiteElo "2313"]
[BlackElo "2148"]
[WhiteFideId "4800575"]
[BlackFideId "13402625"]
[EventDate "2013.12.19"]

1. e4 c5 2. Nf3 d6 3. d4 Nf6 4. Nc3 cxd4 5. Nxd4 a6 6. Be3 e5 7. Nb3 Be6 8. h3
h5 9. f4 exf4 10. Bxf4 Nc6 11. Qe2 Be7 12. O-O-O Qc7 13. Kb1 b5 14. Nd5 Bxd5 15.
exd5 Ne5 16. Nd4 Nfd7 17. Rg1 g6 18. g4 Bf6 19. Qe3 Bg7 20. gxh5 Rxh5 21. Rxg6
fxg6 22. Ne6 Qa7 23. Nxg7+ Kf7 24. Qxa7 Rxa7 25. Nxh5 gxh5 26. Be2 Nf6 27. Bg5
Kg6 28. Rg1 Kf5 29. Bxf6 Kxf6 30. Bxh5 Rh7 31. Bg4 Nxg4 32. hxg4 Ke5 33. g5 Kxd5
34. g6 Rg7 35. c3 a5 36. Kc2 Ke6 37. Kd3 Ke7 38. Ke4 Kf8 39. Kd5 Rd7 40. g7+ Kg8
41. a3 Rf7 42. Rg2 1-0

[Event "Al-Ain Classic Open A 2013"]
[Site "Al-Ain UAE"]
[Date "2013.12.26"]
[Round "7.30"]
[White "Ameir, Moheb"]
[Black "Seddaoui, Yamine"]
[Result "1/2-1/2"]
[WhiteTitle "IM"]
[WhiteElo "2287"]
[BlackElo "2051"]
[WhiteFideId "10600620"]
[BlackFideId "7902026"]
[EventDate "2013.12.19"]

1. e4 e5 2. Nf3 Nc6 3. Bb5 a6 4. Ba4 Nf6 5. d3 Bc5 6. O-O d6 7. c3 b5 8. Bc2 Bg4
9. Nbd2 O-O 10. Re1 Re8 11. h3 Bh5 12. Nf1 d5 13. Qe2 dxe4 14. dxe4 Bg6 15. b4
Bb6 16. a4 bxa4 17. Qc4 Na7 18. Qxa6 c6 19. Qc4 Qc7 20. Bg5 Nc8 21. Bxf6 gxf6
22. Bxa4 Nd6 23. Qxc6 Qxc6 24. Bxc6 Rxa1 25. Rxa1 Rc8 26. Ra8 Rxa8 27. Bxa8 Bxe4
28. Bxe4 Nxe4 29. c4 Bxf2+ 30. Kh2 Kf8 31. g4 Ke7 32. Kg2 Ke6 33. b5 f5 34.
gxf5+ Kxf5 1/2-1/2

[Event "Al-Ain Classic Open A 2013"]
[Site "Al-Ain UAE"]
[Date "2013.12.26"]
[Round "7.32"]
[White "Plotkin, Victor"]
[Black "Djuraev, Sokhib"]
[Result "1-0"]
[WhiteTitle "FM"]
[BlackTitle "FM"]
[WhiteElo "2228"]
[BlackElo "2355"]
[WhiteFideId "2606674"]
[BlackFideId "14201690"]
[EventDate "2013.12.19"]

1. e4 g6 2. d4 Bg7 3. Nc3 c6 4. Nf3 d6 5. a4 Nf6 6. Bc4 d5 7. exd5 cxd5 8. Bb3
O-O 9. O-O Bg4 10. h3 Bxf3 11. Qxf3 e6 12. Bg5 Nbd7 13. a5 h6 14. Bh4 Rc8 15.
Rfd1 a6 16. Ra4 Nb8 17. g4 Nc6 18. Rda1 g5 19. Bg3 Ne8 20. Ne2 Nd6 21. Bxd6 Qxd6
22. c3 f5 23. Qd3 Rc7 24. Bc2 e5 25. gxf5 e4 26. Qg3 Qxg3+ 27. Nxg3 Nxd4 28.
Bxe4 dxe4 29. cxd4 Re8 30. Re1 Rd7 31. Nxe4 Kf8 32. Kg2 Bxd4 33. Rb4 Ree7 34. f3
Ba7 35. Rc1 Rc7 36. Rbc4 Bb8 37. b4 Rxc4 38. Rxc4 Rc7 39. Rxc7 Bxc7 40. Nc5 Bd6
41. Kf2 Kf7 42. Ke3 Bxc5+ 43. bxc5 Kf6 44. Ke4 h5 45. Kd5 Kxf5 46. Kd6 Kf4 47.
Kc7 Kxf3 48. Kxb7 g4 49. c6 g3 50. c7 g2 51. c8=Q g1=Q 52. Qf5+ Ke2 53. Qxh5+
Kd2 54. Qd5+ Kc3 55. Qc6+ Kd2 56. Qd7+ Ke1 57. Qe6+ Kd2 58. Kxa6 Qf1+ 59. Kb6
Qb1+ 60. Kc7 Qg1 61. Qd5+ Ke2 62. Qe5+ Kd3 63. Qd6+ Ke2 64. Qe6+ Kd2 65. a6 Qc5+
66. Kd7 Qa7+ 67. Ke8 Qa8+ 68. Ke7 Kc3 69. Qe3+ Kb2 70. a7 Qb7+ 71. Kd6 Qa6+ 72.
Kc7 Qc4+ 73. Kd6 Qa6+ 74. Ke5 Qb5+ 75. Kf4 Qc4+ 76. Kg3 Qc7+ 77. Kg2 Qc6+ 78.
Kf2 Qf6+ 79. Ke1 Qc6 80. Qd4+ Kb3 81. h4 Qh1+ 82. Ke2 Qc6 83. h5 Kc2 84. h6 Qb5+
85. Ke3 Qg5+ 86. Ke4 Qg4+ 87. Kd5 Qd7+ 88. Ke5 Qe7+ 89. Kf5 Qf7+ 90. Kg5 Qe7+
91. Kg4 Qe6+ 92. Kg3 Qg6+ 93. Kf2 Qf5+ 94. Ke2 Qh5+ 95. Ke1 Qh1+ 96. Kf2 Qh2+
97. Kf3 Qh3+ 98. Ke4 Qg4+ 99. Ke5 Qg5+ 100. Kd6 Qxh6+ 101. Kc7 Qh7+ 102. Qd7
Qh2+ 103. Kb7 1-0

[Event "Al-Ain Classic Open A 2013"]
[Site "Al-Ain UAE"]
[Date "2013.12.26"]
[Round "7.33"]
[White "Sosovicka, Juraj"]
[Black "Sarwat, Walaa"]
[Result "1/2-1/2"]
[BlackTitle "IM"]
[WhiteElo "2188"]
[BlackElo "2315"]
[WhiteFideId "14911418"]
[BlackFideId "10600256"]
[EventDate "2013.12.19"]

1. e4 e5 2. Nf3 Nc6 3. Bb5 a6 4. Bxc6 dxc6 5. O-O Qf6 6. d4 exd4 7. Bg5 Qd6 8.
Nxd4 Be7 9. Be3 c5 10. Ne2 Qc6 11. Nbc3 Nf6 12. f3 Be6 13. Nf4 Bc4 14. Rf2 Rd8
15. Rd2 Rxd2 16. Qxd2 O-O 17. Nfd5 Bxd5 18. Nxd5 Nxd5 19. exd5 Qf6 20. c4 c6 21.
dxc6 Qxc6 22. Rd1 h6 23. Qc2 Re8 24. Bf2 b5 25. b3 Bd6 26. Bg3 Bxg3 27. hxg3 Qc7
28. g4 b4 29. Qd2 Qe7 30. Qd3 Qe5 31. Qd2 a5 32. Kf2 Qe7 33. Kg1 Qf6 34. Qd7 Qe5
35. Qd3 g6 36. Qd2 Kg7 37. Kf2 Qe7 38. Rh1 g5 39. Rd1 Qf6 40. Kg1 Re6 41. Qd3
Qf4 42. Qd2 Qxd2 43. Rxd2 Re1+ 44. Kf2 Ra1 45. Kg3 Kf6 46. Re2 Rc1 47. Rd2 a4
48. Rd5 axb3 49. axb3 Rc3 50. Rxc5 Rxb3 51. Rb5 Ke6 52. Kh2 Rb1 53. Kg3 b3 54.
Kf2 Rb2+ 55. Kg3 f6 56. Kh2 Kf7 57. Kg3 Kg6 58. Rb6 Kf7 59. Rb5 Kg7 60. Rb7+ Kg6
61. Rb6 Rb1 62. Kf2 b2 63. c5 Kf7 64. Kg3 Ke7 65. Kh2 Kd7 66. Kg3 Kc7 67. Kh2 1/2-1/2